000 00595nam a2200229Ia 4500
003 OSt
005 20220924122423.0
006 a|||||r|||| 00| 0
007 ta
008 220923b |||||||| |||| 00| 0 urd d
024 _a313715
037 _cTextual
040 _aARTS
_cARTS
_burd
041 _2urd
_aurd
082 _aO168,1M96,2, G9
100 _aLaqlaq Jami
_9180095
245 0 _aLaqlaqah
260 _aLahore
_bUrdu Academy Pakistan
_c1939
650 _aURDU POETRY
942 _hO168,1M96,2, G9
_cTEXL
_2CC
999 _c411578
_d411578